000 00558nam a2200181Ia 4500
003 GCL
008 140319s9999 xx 000 0 ara d
040 _aGCL /
_cGCL
082 0 4 _a953.1037
_bم ا
100 1 _aمصطفى النحاس جبر
245 1 0 _aال سعود فى الجزيرة العربية من القبيلة الى الدولة /
_cمصطفى النحاس جبر
300 _a189 ص
490 _a100 قصة
_v0
650 0 4 _aالسعودية
650 0 4 _aالتاريخ
650 0 4 _aالجزيرة العربية
942 _2ddc
_cBK
999 _c43625
_d43625